Statistics for 4.6 All Genshin Impact Bosses

Click here to take the quiz!

General Stats

  • This quiz has been taken 45 times
    (9 since last reset)
  • The average score is 32 of 41

Answer Stats

Answer% Correct
Anemo Hypostasis
100%
Cryo Hypostasis
100%
Cryo Regisvine
100%
Dendro Hypostasis
100%
Dvalin
100%
Electro Hypostasis
100%
Electro Regisvine
100%
Geo Hypostasis
100%
Hydro Hypostasis
100%
La Signora
100%
Magatsu Mitake Narukami no Mikoto
100%
Oceanid
100%
Pyro Hypostasis
100%
Pyro Regisvine
100%
Tartaglia
100%
Algorithm Of Semi-Intransient Matrix Of Overseer Network
88%
All-Devouring Narwhal
88%
Andrius
88%
Apep
88%
Golden Wolflord
88%
Arlecchino - The Knave
75%
Azhdaha
75%
Hydro Tulpa
75%
Jadeplume Terrorshroom
75%
Maguu Kenki
75%
Perpetual Mechanical Array
75%
Primo Geovishap
75%
Ruin Serpent
75%
Aeonblight Drake
63%
Emperor of Fire and Iron
63%
Icewind Suite
63%
Iniquitous Baptist
63%
Setekh Wenut
63%
Shouki No Kami The Prodigal
63%
Thunder Manifestation
63%
Experimental Field Generator
50%
Millennial Pearl Seahorse
50%
Solitary Suanni
50%
Legatus Golem
38%
Bolteater Bathysmal Vishap
25%
Rimebiter Bathysmal Vishap
25%

Score Distribution

Percentile by Number Answered

Percent of People with Each Score

Your Score History

You have not taken this quiz since the last reset